University Home | Library Home | Institutional Repository

Computers in medicine; (Record no. 56765)

MARC details
000 -LEADER
fixed length control field 00732cam7a220021700 4500
001 - CONTROL NUMBER
control field lce00602131
008 - FIXED-LENGTH DATA ELEMENTS--GENERAL INFORMATION
fixed length control field 740520s1967 ilua b 000 0 eng
010 ## - LIBRARY OF CONGRESS CONTROL NUMBER
LC control number 67012706 //r84
035 ## - SYSTEM CONTROL NUMBER
System control number (Sirsi) r27962
035 ## - SYSTEM CONTROL NUMBER
System control number (DLC) 67012706 //r84
035 ## - SYSTEM CONTROL NUMBER
System control number (UPRA)lce00602131
050 0# - LIBRARY OF CONGRESS CALL NUMBER
Classification number RA409.5
Item number .K7
082 ## - DEWEY DECIMAL CLASSIFICATION NUMBER
Classification number 610/.1/8
100 1# - MAIN ENTRY--PERSONAL NAME
Personal name Krasnoff, Sidney O.
Linkage A92149.1
245 10 - TITLE STATEMENT
Title Computers in medicine;
Remainder of title a primer for the practicing physician,
Statement of responsibility, etc. by Sidney O. Krasnoff.
260 ## - PUBLICATION, DISTRIBUTION, ETC.
Place of publication, distribution, etc. Springfield, Ill.,
Name of publisher, distributor, etc. Thomas
Date of publication, distribution, etc. [1967]
504 ## - BIBLIOGRAPHY, ETC. NOTE
Bibliography, etc. note Bibliography: p. [115]-122.
650 #0 - SUBJECT ADDED ENTRY--TOPICAL TERM
Topical term or geographic name entry element Medicine -- Data processing.
General subdivision Medicine -- Data processing.
Linkage S18137.1
949 ## - LOCAL PROCESSING INFORMATION (OCLC)
a RA409.5
w LC
i -29704
m MEDICAL
t BOOK
l ON-SHELF

No items available.

© 2026 - The University of Zambia Library - Koha v25.11